[Event "Sant Adria de Besos op-A 5th"]
[Site "Sant Adria de Besos"]
[Date "2023.08.13"]
[Round "3"]
[White "Brito Carrascal, Isabela"]
[Black "Castaner Harster, Xavier"]
[Result "1-0"]
[WhiteElo "1585"]
[BlackElo "1940"]
[PlyCount "23"]
[EventDate "2023.08.11"]
[EventType "swiss"]
[EventRounds "9"]
[EventCountry "ESP"]
[SourceTitle "EXT 2024"]
[Source "ChessBase"]
[SourceDate "2023.10.10"]
[SourceVersion "1"]
[SourceVersionDate "2023.10.10"]
[SourceQuality "1"]

1. e4 c5 2. Nf3 e6 3. d4 cxd4 4. Nxd4 a6 5. c4 Nf6 6. Nc3 Bb4 7. f3 0-0 8. e5 Qa5 9. exf6 Bxc3+ 10. bxc3 Qxc3+ 11. Qd2 Qxa1 12. Qg5 1-0

[Event "Cornella de Llobregat op 8th"]
[Site "Cornella de Llobregat"]
[Date "2022.11.07"]
[Round "6"]
[White "Castaner Harster, Xavier"]
[Black "Montero Olmos, Javier"]
[Result "1-0"]
[WhiteElo "1919"]
[BlackElo "1847"]
[PlyCount "67"]
[EventDate "2022.09.26"]
[EventType "swiss"]
[EventRounds "9"]
[EventCountry "ESP"]
[SourceTitle "EXT 2024"]
[Source "ChessBase"]
[SourceDate "2023.10.10"]
[SourceVersion "1"]
[SourceVersionDate "2023.10.10"]
[SourceQuality "1"]

1. e4 c6 2. d4 d5 3. Nc3 dxe4 4. Nxe4 Nf6 5. Nxf6+ exf6 6. c3 Bd6 7. Bd3 0-0 8. Qc2 Re8+ 9. Ne2 h5 10. 0-0 h4 11. Bf4 Na6 12. g3 Bg4 13. f3 Bh3 14. Rfe1 hxg3 15. hxg3 g5 16. Bxd6 Qxd6 17. Kf2 Kg7 18. Rh1 Rh8 19. Rag1 Be6 20. Kg2 Nc7 21. c4 b5 22. b3 Qd7 23. g4 Rae8 24. Qc3 Qe7 25. Ng3 b4 26. Qe1 Qd6 27. Qe4 Bd7 28. Rh7+ Rxh7 29. Qxh7+ Kf8 30. Bf5 Ne6 31. Bxe6 Bxe6 32. Re1 Qf4 33. Nf5 Qd2+ 34. Kh3 1-0

[Event "Sitges op 46th"]
[Site "Sitges"]
[Date "2022.07.30"]
[Round "9"]
[White "Castaner Harster, Xavier"]
[Black "Sudarshan, Bhat"]
[Result "0-1"]
[WhiteElo "2089"]
[BlackElo "2001"]
[PlyCount "47"]
[EventDate "2022.07.22"]
[EventType "swiss"]
[EventRounds "9"]
[EventCountry "ESP"]
[SourceTitle "CBM 209 Extra"]
[Source "ChessBase"]
[SourceDate "2022.09.30"]
[SourceVersion "1"]
[SourceVersionDate "2022.09.30"]
[SourceQuality "1"]

1. e4 c5 2. Nf3 Nc6 3. d4 cxd4 4. Nxd4 g6 5. c4 Bg7 6. Be3 Nf6 7. Nc3 d6 8. Be2 0-0 9. Qd2 Bd7 10. f3 Nxd4 11. Bxd4 a5 12. b3 Bc6 13. 0-0 Nd7 14. Be3 Nc5 15. Rab1 Be5 16. Bd1 e6 17. Bc2 Qe7 18. Rfd1 Rad8 19. Ne2 b6 20. Bf4 Bxf4 21. Nxf4 e5 22. Ne2 f5 23. exf5 gxf5 24. Qh6 0-1

[Event "Sitges op 46th"]
[Site "Sitges"]
[Date "2022.07.25"]
[Round "4"]
[White "Gourav, Nigam"]
[Black "Castaner Harster, Xavier"]
[Result "1-0"]
[WhiteElo "1803"]
[BlackElo "2089"]
[PlyCount "65"]
[EventDate "2022.07.22"]
[EventType "swiss"]
[EventRounds "9"]
[EventCountry "ESP"]
[SourceTitle "CBM 209 Extra"]
[Source "ChessBase"]
[SourceDate "2022.09.30"]
[SourceVersion "1"]
[SourceVersionDate "2022.09.30"]
[SourceQuality "1"]

1. e4 e5 2. Nf3 Nc6 3. Bb5 a6 4. Ba4 Nf6 5. 0-0 Be7 6. Re1 b5 7. Bb3 0-0 8. d4 d6 9. c3 Bg4 10. d5 Na5 11. Bc2 c6 12. h3 Bh5 13. dxc6 Nxc6 14. Nbd2 Rc8 15. Nf1 Nd7 16. g4 Bg6 17. Ne3 Nb6 18. Nf5 b4 19. cxb4 Nxb4 20. Bb3 a5 21. a3 Na6 22. h4 h5 23. Ng5 hxg4 24. Qxg4 Bxf5 25. exf5 Nc5 26. Ba2 Qd7 27. b4 axb4 28. axb4 Nd3 29. Ne6 Bf6 30. Bh6 d5 31. Bxg7 fxe6 32. Bxf6+ Kf7 33. Qg6# 1-0

[Event "Barcelona Sant Marti op-A 22nd"]
[Site "Barcelona"]
[Date "2022.07.18"]
[Round "6"]
[White "Perez Manas, Benjamin"]
[Black "Castaner Harster, Xavier"]
[Result "1-0"]
[WhiteElo "2256"]
[BlackElo "2089"]
[PlyCount "49"]
[EventDate "2022.07.13"]
[EventType "swiss"]
[EventRounds "9"]
[EventCountry "ESP"]
[SourceTitle "CBM 209 Extra"]
[Source "ChessBase"]
[SourceDate "2022.09.30"]
[SourceVersion "1"]
[SourceVersionDate "2022.09.30"]
[SourceQuality "1"]

1. e4 e5 2. Bc4 Nf6 3. d3 Bc5 4. Nc3 0-0 5. Bg5 c6 6. Qf3 d6 7. Nge2 b5 8. Bb3 a5 9. a4 b4 10. Nd1 Be6 11. Ne3 Nbd7 12. Nf5 Qe8 13. h4 Bxb3 14. Bh6 Qe6 15. Bxg7 h5 16. cxb3 Rfe8 17. Bxf6 Nxf6 18. Neg3 Ng4 19. Nxh5 Nxf2 20. Rf1 Qg6 21. Rxf2 Bxf2+ 22. Kxf2 d5 23. Rh1 dxe4 24. dxe4 Rad8 25. Rh3 1-0

[Event "Barcelona Sant Marti op-A 22nd"]
[Site "Barcelona"]
[Date "2022.07.17"]
[Round "5"]
[White "Castaner Harster, Xavier"]
[Black "Borrellas Comellas, Josep"]
[Result "1-0"]
[WhiteElo "2089"]
[BlackElo "1817"]
[PlyCount "137"]
[EventDate "2022.07.13"]
[EventType "swiss"]
[EventRounds "9"]
[EventCountry "ESP"]
[SourceTitle "CBM 209 Extra"]
[Source "ChessBase"]
[SourceDate "2022.09.30"]
[SourceVersion "1"]
[SourceVersionDate "2022.09.30"]
[SourceQuality "1"]

1. e4 e5 2. Nf3 Nc6 3. Bb5 a6 4. Ba4 Nf6 5. 0-0 b5 6. Bb3 Be7 7. Re1 d6 8. c3 0-0 9. h3 Na5 10. Bc2 c5 11. d4 Qc7 12. Nbd2 cxd4 13. cxd4 Bb7 14. a3 Rac8 15. Bd3 Rfe8 16. Nf1 Bf8 17. Bg5 Nd7 18. Bd2 Nc6 19. Rc1 Qd8 20. Bc3 g6 21. Qd2 exd4 22. Nxd4 Nc5 23. Bc2 Bg7 24. Ng3 Ne5 25. b3 d5 26. f4 Ned7 27. e5 Ne6 28. Nxe6 fxe6 29. Ne2 Bf8 30. Bb4 Qb6+ 31. Nd4 Bxb4 32. axb4 Nb8 33. Kh2 Nc6 34. Nf3 a5 35. f5 exf5 36. Bxf5 Rcd8 37. Qg5 Qc7 38. bxa5 Qe7 39. Qxe7 Rxe7 40. Bd3 Nxa5 41. Bxb5 Nxb3 42. Rc3 Na5 43. Nd4 Rc8 44. Rxc8+ Bxc8 45. Ra1 Rxe5 46. Rxa5 Bf5 47. Nxf5 Rxf5 48. Bc6 Kg7 49. Rxd5 Rf6 50. Rd7+ Kh6 51. Bd5 Rf8 52. h4 Rf4 53. Kh3 g5 54. hxg5+ Kxg5 55. Rxh7 Rd4 56. Bf3 Rb4 57. Rb7 Rf4 58. Rb5+ Kf6 59. Bb7 Rd4 60. g4 Rd2 61. g5+ Kg7 62. Be4 Re2 63. Rb7+ Kf8 64. Bf5 Re1 65. g6 Rg1 66. Kh4 Kg8 67. Kh5 Kh8 68. Kh6 Rh1+ 69. Kg5 1-0

[Event "Barcelona Sant Marti op-A 22nd"]
[Site "Barcelona"]
[Date "2022.07.14"]
[Round "2"]
[White "Nagare, Akhilesh"]
[Black "Castaner Harster, Xavier"]
[Result "1-0"]
[WhiteElo "1856"]
[BlackElo "2089"]
[PlyCount "87"]
[EventDate "2022.07.13"]
[EventType "swiss"]
[EventRounds "9"]
[EventCountry "ESP"]
[SourceTitle "CBM 209 Extra"]
[Source "ChessBase"]
[SourceDate "2022.09.30"]
[SourceVersion "1"]
[SourceVersionDate "2022.09.30"]
[SourceQuality "1"]

1. c4 Nf6 2. g3 e6 3. Bg2 c5 4. Nf3 Nc6 5. 0-0 Be7 6. d4 cxd4 7. Nxd4 a6 8. Nc3 0-0 9. b3 Qc7 10. Bb2 d6 11. Rc1 Ne5 12. Qd2 Bd7 13. Kh1 Rac8 14. f4 Ng6 15. e4 Qb8 16. a4 Qc7 17. Qe2 Rfe8 18. Rce1 e5 19. Nf5 exf4 20. Nxg7 Kxg7 21. Nd5 Qd8 22. Qh5 Kg8 23. Qh6 Bf8 24. Nxf6+ Qxf6 25. Qxf8+ Kxf8 26. Bxf6 fxg3 27. hxg3 b5 28. cxb5 axb5 29. a5 Rc2 30. Rc1 Ra2 31. Ra1 Rxa1 32. Rxa1 Bc6 33. Rc1 Ba8 34. b4 Ne5 35. Bxe5 Rxe5 36. Rc8+ Re8 37. Rxe8+ Kxe8 38. e5 d5 39. Bf1 Ke7 40. Bh3 Kd8 41. Kg1 Kc7 42. Kf2 d4 43. Bg2 Bxg2 44. Kxg2 1-0

[Event "Hospitalet de Llobregat Ponce 11th"]
[Site "Hospitalet de Llobregat"]
[Date "2022.06.18"]
[Round "9"]
[White "Fernandez Madrid, Carlos"]
[Black "Castaner Harster, Xavier"]
[Result "1/2-1/2"]
[WhiteElo "2117"]
[BlackElo "2090"]
[PlyCount "23"]
[EventDate "2022.04.23"]
[EventType "swiss"]
[EventRounds "9"]
[EventCountry "ESP"]
[SourceTitle "EXT 2023"]
[Source "ChessBase"]
[SourceDate "2022.10.05"]
[SourceVersion "1"]
[SourceVersionDate "2022.10.05"]
[SourceQuality "1"]

1. d4 Nf6 2. c4 e6 3. Nf3 b6 4. g3 Ba6 5. Qc2 Bb7 6. Bg2 c5 7. d5 exd5 8. cxd5 Nxd5 9. 0-0 Nc7 10. Rd1 Be7 11. Nc3 Nc6 12. Bf4 1/2-1/2

[Event "Barcelona Ciutat op"]
[Site "Barcelona"]
[Date "2021.08.18"]
[Round "1"]
[White "Sethuraman, SP."]
[Black "Castaner Harster, Xavier"]
[Result "1-0"]
[WhiteElo "2644"]
[BlackElo "2080"]
[PlyCount "57"]
[EventDate "2021.08.18"]
[EventType "swiss"]
[EventRounds "9"]
[EventCountry "ESP"]
[SourceTitle "CBM 204 Extra"]
[Source "ChessBase"]
[SourceDate "2021.11.30"]
[SourceVersion "1"]
[SourceVersionDate "2021.11.30"]
[SourceQuality "1"]

1. Nf3 Nf6 2. c4 e6 3. g3 c5 4. Bg2 Be7 5. 0-0 0-0 6. d4 cxd4 7. Nxd4 a6 8. Nc3 Qc7 9. Qd3 d6 10. b3 Bd7 11. Bb2 Nc6 12. Rac1 Ne5 13. Qd2 Rac8 14. f4 Ng6 15. e3 Qb8 16. a4 Rfd8 17. h3 Bf8 18. Qe2 Ne7 19. g4 Nc6 20. g5 Nxd4 21. exd4 Ne8 22. d5 Nc7 23. dxe6 Nxe6 24. Nd5 b5 25. f5 Nc5 26. g6 fxg6 27. Ne7+ Kh8 28. Nxg6+ hxg6 29. fxg6 1-0

[Event "Barcelona Vila de Gracia op 23rd"]
[Site "Barcelona"]
[Date "2019.12.13"]
[Round "8"]
[White "Corominas Garrido, Jordi"]
[Black "Castaner Harster, Xavier"]
[Result "0-1"]
[WhiteElo "1721"]
[BlackElo "2062"]
[PlyCount "88"]
[EventDate "2019.10.11"]
[EventType "swiss"]
[EventRounds "9"]
[EventCountry "ESP"]
[SourceTitle "CBM 194 Extra"]
[Source "ChessBase"]
[SourceDate "2020.03.31"]
[SourceVersion "1"]
[SourceVersionDate "2020.03.31"]
[SourceQuality "1"]

1. c4 Nf6 2. g3 e6 3. Bg2 c5 4. Nc3 Nc6 5. e4 d5 6. cxd5 exd5 7. Nxd5 Nxd5 8. exd5 Nb4 9. d3 Nxd5 10. a3 Be7 11. Qb3 Nb6 12. Ne2 0-0 13. 0-0 Be6 14. Qc2 Bd5 15. Nc3 Bxg2 16. Kxg2 Qd7 17. Be3 Rfd8 18. Rfd1 Rac8 19. Qe2 Bf6 20. Ne4 Bd4 21. Rac1 Qd5 22. Kg1 Re8 23. Rc2 f5 24. Nc3 Qe6 25. Qd2 Qb3 26. Rdc1 Rcd8 27. Bxd4 Rxd4 28. Re1 Red8 29. Re7 Nd5 30. Nxd5 Qxd5 31. Qg5 Rg4 32. Qe3 h6 33. Rxc5 Qxd3 34. Qxd3 Rxd3 35. Rxb7 f4 36. h3 Rg6 37. g4 Rxh3 38. Kg2 Rd3 39. f3 Rd2+ 40. Kh3 Rf2 41. Rb3 Re6 42. g5 h5 43. Rc1 Ree2 44. Rh1 Kf7 0-1

[Event "Barcelona Vila de Gracia op 23rd"]
[Site "Barcelona"]
[Date "2019.11.29"]
[Round "7"]
[White "Castaner Harster, Xavier"]
[Black "Zubimendi Felip, Ricard"]
[Result "1-0"]
[WhiteElo "2062"]
[BlackElo "1776"]
[PlyCount "77"]
[EventDate "2019.10.11"]
[EventType "swiss"]
[EventRounds "9"]
[EventCountry "ESP"]
[SourceTitle "CBM 194 Extra"]
[Source "ChessBase"]
[SourceDate "2020.03.31"]
[SourceVersion "1"]
[SourceVersionDate "2020.03.31"]
[SourceQuality "1"]

1. e4 e5 2. Nf3 Nf6 3. d4 Nxe4 4. Bd3 d5 5. Nxe5 Nd7 6. Nxd7 Bxd7 7. 0-0 Bd6 8. c4 c6 9. Nc3 0-0 10. cxd5 Nxc3 11. bxc3 cxd5 12. Qh5 g6 13. Qxd5 Qc7 14. Bh6 Rfd8 15. Bg5 Re8 16. Qb3 Bxh2+ 17. Kh1 Bd6 18. c4 Be7 19. Be3 h5 20. Rab1 Bc8 21. c5 Kg7 22. d5 Bf6 23. Rfe1 Rh8 24. d6 Qd7 25. Rbd1 a6 26. Be4 h4 27. Qc2 h3 28. g3 Qg4 29. Bf4 g5 30. f3 Qh5 31. Bc1 Rd8 32. Bb2 Qh6 33. Bd5 Rb8 34. Re7 Rd7 35. Rde1 Bxb2 36. Qxb2+ Qf6 37. R1e5 Rxe7 38. dxe7 Be6 39. Rxg5+ 1-0

[Event "Barcelona Vila de Gracia op 23rd"]
[Site "Barcelona"]
[Date "2019.11.01"]
[Round "3"]
[White "Munoz de la Orden, David"]
[Black "Castaner Harster, Xavier"]
[Result "0-1"]
[WhiteElo "1924"]
[BlackElo "2062"]
[PlyCount "72"]
[EventDate "2019.10.11"]
[EventType "swiss"]
[EventRounds "9"]
[EventCountry "ESP"]
[SourceTitle "CBM 194 Extra"]
[Source "ChessBase"]
[SourceDate "2020.03.31"]
[SourceVersion "1"]
[SourceVersionDate "2020.03.31"]
[SourceQuality "1"]

1. Nf3 Nf6 2. g3 b5 3. Bg2 Bb7 4. 0-0 e6 5. d3 Be7 6. Re1 0-0 7. e4 d5 8. e5 Nfd7 9. h4 c5 10. Bf4 a5 11. Nbd2 a4 12. Nf1 a3 13. b3 d4 14. N1d2 Bd5 15. Ne4 Nc6 16. Qe2 Nb4 17. Rec1 Rc8 18. Nfg5 c4 19. dxc4 bxc4 20. Qh5 h6 21. Nh3 f5 22. Nd6 Bxd6 23. exd6 Qe8 24. Qd1 Bxg2 25. Kxg2 e5 26. Bd2 c3 27. Be1 Qe6 28. f4 Qd5+ 29. Kh2 e4 30. Bf2 d3 31. Be3 d2 32. Rcb1 Qxd6 33. Nf2 Nf6 34. Kg2 Nfd5 35. Bxd2 cxd2 36. Qxd2 Rxc2 0-1

[Event "Barcelona Vila de Gracia op 23rd"]
[Site "Barcelona"]
[Date "2019.10.11"]
[Round "1"]
[White "Tortosa Moros, Joan"]
[Black "Castaner Harster, Xavier"]
[Result "1/2-1/2"]
[WhiteElo "1636"]
[BlackElo "2062"]
[PlyCount "55"]
[EventDate "2019.10.11"]
[EventType "swiss"]
[EventRounds "9"]
[EventCountry "ESP"]
[SourceTitle "CBM 194 Extra"]
[Source "ChessBase"]
[SourceDate "2020.03.31"]
[SourceVersion "1"]
[SourceVersionDate "2020.03.31"]
[SourceQuality "1"]

1. e4 e5 2. Nf3 Nc6 3. Bb5 a6 4. Ba4 Nf6 5. d3 d6 6. c3 Be7 7. 0-0 0-0 8. Re1 Nd7 9. Nbd2 Bf6 10. Nf1 Nc5 11. Bc2 d5 12. exd5 Qxd5 13. Ne3 Qd8 14. Nc4 Re8 15. Be3 Ne6 16. Ncd2 g6 17. Ne4 Bg7 18. Neg5 h6 19. Nxe6 Bxe6 20. Qd2 Kh7 21. Rad1 Bg4 22. Qe2 Qf6 23. h3 Bxf3 24. Qxf3 Qxf3 25. gxf3 Rad8 26. f4 exf4 27. Bxf4 Be5 28. Be3 1/2-1/2

[Event "Sitges op 45th"]
[Site "Sitges"]
[Date "2019.07.24"]
[Round "3"]
[White "Panesso Rivera, Henry"]
[Black "Castaner Harster, Xavier"]
[Result "1-0"]
[WhiteElo "2380"]
[BlackElo "2127"]
[PlyCount "63"]
[EventDate "2019.07.22"]
[EventType "swiss"]
[EventRounds "9"]
[EventCountry "ESP"]
[SourceTitle "CBM 191 Extra"]
[Source "ChessBase"]
[SourceDate "2019.09.30"]
[SourceVersion "1"]
[SourceVersionDate "2019.09.30"]
[SourceQuality "1"]

1. Nf3 Nf6 2. c4 e6 3. g3 c5 4. Bg2 Nc6 5. 0-0 Be7 6. Nc3 0-0 7. d4 cxd4 8. Nxd4 a6 9. Bf4 Nxd4 10. Qxd4 d6 11. Qd3 Qc7 12. Rac1 Nd7 13. Na4 Ne5 14. Qb3 Bd7 15. Nb6 Rad8 16. Rfd1 Be8 17. Bxe5 dxe5 18. Rxd8 Bxd8 19. Na8 Qc5 20. Qxb7 Bg5 21. Rc3 Qd4 22. e3 Qd2 23. h4 Bd8 24. c5 Ba5 25. c6 Bxc3 26. c7 Bd7 27. bxc3 Qe1+ 28. Kh2 Rc8 29. Nb6 Qd2 30. Qb8 Qd6 31. Nxd7 Qxd7 32. Bb7 1-0

[Event "Lanzarote op"]
[Site "Lanzarote"]
[Date "2019.06.30"]
[Round "9"]
[White "Castaner Harster, Xavier"]
[Black "Valmana Canto, Jaime"]
[Result "0-1"]
[WhiteElo "2122"]
[BlackElo "2401"]
[PlyCount "58"]
[EventDate "2019.06.24"]
[EventType "swiss"]
[EventRounds "9"]
[EventCountry "ESP"]
[SourceTitle "CBM 191 Extra"]
[Source "ChessBase"]
[SourceDate "2019.09.30"]
[SourceVersion "1"]
[SourceVersionDate "2019.09.30"]
[SourceQuality "1"]

1. e4 c5 2. Nf3 Nc6 3. d4 cxd4 4. Nxd4 Nf6 5. Nc3 e5 6. Ndb5 d6 7. Bg5 a6 8. Na3 b5 9. Nd5 Be7 10. Bxf6 Bxf6 11. c4 b4 12. Nc2 a5 13. g3 0-0 14. Bg2 Bg5 15. 0-0 Be6 16. Nce3 Bxe3 17. Nxe3 Qb6 18. Kh1 a4 19. Qd3 Qd4 20. Qc2 Qc5 21. Qd3 Nd4 22. f4 f6 23. b3 axb3 24. axb3 Ra3 25. Rab1 Rfa8 26. Nf5 Rxb3 27. Rxb3 Bxc4 28. Rc1 Bxd3 29. Rxc5 Ra1+ 0-1

[Event "Lanzarote op"]
[Site "Lanzarote"]
[Date "2019.06.28"]
[Round "7"]
[White "Castaner Harster, Xavier"]
[Black "Salas Calvo, Alberto"]
[Result "1-0"]
[WhiteElo "2122"]
[BlackElo "1631"]
[PlyCount "53"]
[EventDate "2019.06.24"]
[EventType "swiss"]
[EventRounds "9"]
[EventCountry "ESP"]
[SourceTitle "CBM 191 Extra"]
[Source "ChessBase"]
[SourceDate "2019.09.30"]
[SourceVersion "1"]
[SourceVersionDate "2019.09.30"]
[SourceQuality "1"]

1. e4 d6 2. d4 Nf6 3. Nc3 g6 4. f4 Bg7 5. Nf3 0-0 6. e5 dxe5 7. dxe5 Qxd1+ 8. Nxd1 Nh5 9. Nf2 Bh6 10. g4 Bxg4 11. Nxg4 Bxf4 12. Bxf4 Nxf4 13. 0-0-0 Nc6 14. Nd4 Nb4 15. Bc4 Nbd5 16. Bxd5 Nxd5 17. c4 h5 18. Nh6+ Kh7 19. Nxf7 Ne3 20. Rde1 Rxf7 21. Rxe3 Rf4 22. Ne6 Rxc4+ 23. Rc3 Rxc3+ 24. bxc3 Kh6 25. h4 a5 26. Rf1 Ra6 27. Ng5 1-0

[Event "Lanzarote op"]
[Site "Lanzarote"]
[Date "2019.06.27"]
[Round "5"]
[White "Meneses Gonzalez, Kevin Moises"]
[Black "Castaner Harster, Xavier"]
[Result "1/2-1/2"]
[WhiteElo "2278"]
[BlackElo "2122"]
[PlyCount "33"]
[EventDate "2019.06.24"]
[EventType "swiss"]
[EventRounds "9"]
[EventCountry "ESP"]
[SourceTitle "CBM 191 Extra"]
[Source "ChessBase"]
[SourceDate "2019.09.30"]
[SourceVersion "1"]
[SourceVersionDate "2019.09.30"]
[SourceQuality "1"]

1. d4 Nf6 2. c4 e6 3. Nc3 Bb4 4. e3 c5 5. Nf3 0-0 6. Bd3 d5 7. a3 Bxc3+ 8. bxc3 Nc6 9. 0-0 b6 10. cxd5 exd5 11. Ne5 Qc7 12. f4 Bb7 13. a4 Ne4 14. Ba3 Na5 15. Qh5 f6 16. Nf3 Nc4 17. Bxc4 1/2-1/2

[Event "Lanzarote op"]
[Site "Lanzarote"]
[Date "2019.06.26"]
[Round "4"]
[White "Castaner Harster, Xavier"]
[Black "Gil Ojeda, Jorge"]
[Result "1-0"]
[WhiteElo "2122"]
[BlackElo "1922"]
[PlyCount "97"]
[EventDate "2019.06.24"]
[EventType "swiss"]
[EventRounds "9"]
[EventCountry "ESP"]
[SourceTitle "CBM 191 Extra"]
[Source "ChessBase"]
[SourceDate "2019.09.30"]
[SourceVersion "1"]
[SourceVersionDate "2019.09.30"]
[SourceQuality "1"]

1. e4 e5 2. Nf3 Nc6 3. Bb5 a6 4. Ba4 Nf6 5. 0-0 b5 6. Bb3 Bc5 7. c3 d6 8. d4 Bb6 9. Bg5 h6 10. Bh4 Bb7 11. Qd3 Qd7 12. Nbd2 Nh5 13. Bg3 g5 14. dxe5 Nxg3 15. hxg3 g4 16. Nh4 Nxe5 17. Qe2 0-0-0 18. c4 Rhe8 19. a4 Nxc4 20. axb5 axb5 21. Nxc4 bxc4 22. Ba4 c6 23. Qxc4 Re5 24. b4 Qc7 25. Rfc1 c5 26. bxc5 Rxc5 27. Qf1 Bxe4 28. Rxc5 dxc5 29. Qe2 f5 30. Bb3 Kb8 31. Be6 Qe5 32. Qa2 Kc7 33. Rc1 Re8 34. Bf7 Rd8 35. Ng6 Qd6 36. Nf4 Ra8 37. Qc4 Ra5 38. Bd5 Bxd5 39. Nxd5+ Kc8 40. Qd3 Bd8 41. Qxf5+ Kb7 42. Qe4 Kb8 43. Ne3 Qd4 44. Rb1+ Bb6 45. Rxb6+ Kc8 46. Qc6+ Kd8 47. Rb8+ Ke7 48. Re8+ Kf7 49. Qe6+ 1-0

[Event "Lanzarote op"]
[Site "Lanzarote"]
[Date "2019.06.25"]
[Round "3"]
[White "Navio Lopez, Manuel Alberto"]
[Black "Castaner Harster, Xavier"]
[Result "1/2-1/2"]
[WhiteElo "1943"]
[BlackElo "2122"]
[PlyCount "29"]
[EventDate "2019.06.24"]
[EventType "swiss"]
[EventRounds "9"]
[EventCountry "ESP"]
[SourceTitle "CBM 191 Extra"]
[Source "ChessBase"]
[SourceDate "2019.09.30"]
[SourceVersion "1"]
[SourceVersionDate "2019.09.30"]
[SourceQuality "1"]

1. Nf3 Nf6 2. b3 d5 3. Bb2 Bf5 4. e3 e6 5. Be2 h6 6. 0-0 Be7 7. c4 0-0 8. Nc3 c5 9. d4 Nc6 10. Ne5 cxd4 11. Nxc6 bxc6 12. exd4 dxc4 13. Bxc4 Nd5 14. Nxd5 cxd5 15. Bd3 1/2-1/2

[Event "Tenerife-chT Preferente 1718"]
[Site "Tenerife"]
[Date "2018.03.10"]
[Round "12.1"]
[White "Castaner Harster, Xavier"]
[Black "Kosov, Alexey"]
[Result "1/2-1/2"]
[WhiteElo "2107"]
[BlackElo "2199"]
[PlyCount "97"]
[EventDate "2017.11.11"]
[EventType "team-tourn"]
[EventRounds "14"]
[EventCountry "ESP"]
[SourceTitle "EXT 2019"]
[Source "ChessBase"]
[SourceDate "2018.10.10"]
[SourceVersion "1"]
[SourceVersionDate "2018.10.10"]
[SourceQuality "1"]
[WhiteTeam "Rey Ahogado"]
[BlackTeam "El Sauzal Gofio Plus"]
[WhiteTeamCountry "ESP"]
[BlackTeamCountry "ESP"]

1. e4 c5 2. Nf3 Nc6 3. d4 cxd4 4. Nxd4 Nf6 5. Nc3 d6 6. Bg5 h6 7. Bxf6 gxf6 8. Be2 Rg8 9. g3 a6 10. Qd2 Nxd4 11. Qxd4 f5 12. exf5 Bxf5 13. Qd5 Qd7 14. Bf3 Rb8 15. Be4 Rg5 16. f4 Be6 17. Qd4 Rc5 18. 0-0 Qc8 19. Bd3 h5 20. Ne4 Rd5 21. Qe3 Bg7 22. c3 Bf5 23. Rfe1 Kf8 24. Rad1 Bxe4 25. Qxe4 Qc5+ 26. Kh1 e6 27. Qe2 b5 28. Rf1 Qb6 29. f5 Re5 30. Qg2 Qb7 31. fxe6 Qxg2+ 32. Kxg2 Rxe6 33. Rde1 Be5 34. Be4 b4 35. Bd5 Re7 36. cxb4 Rxb4 37. b3 Rc7 38. Rc1 Rxc1 39. Rxc1 Rd4 40. Bc4 a5 41. Rc2 d5 42. Bb5 Bd6 43. Rc6 Rd2+ 44. Kh3 Bb4 45. a4 Kg7 46. Rc7 Rf2 47. Rd7 Rf5 48. Bc6 Bc5 49. Rxd5 1/2-1/2

[Event "Tenerife-chT Preferente 1718"]
[Site "Tenerife"]
[Date "2018.01.20"]
[Round "7.1"]
[White "Lopez Reboso, Hector Emilio"]
[Black "Castaner Harster, Xavier"]
[Result "1/2-1/2"]
[WhiteElo "1989"]
[BlackElo "2107"]
[PlyCount "63"]
[EventDate "2017.11.11"]
[EventType "team-tourn"]
[EventRounds "14"]
[EventCountry "ESP"]
[SourceTitle "EXT 2019"]
[Source "ChessBase"]
[SourceDate "2018.10.10"]
[SourceVersion "1"]
[SourceVersionDate "2018.10.10"]
[SourceQuality "1"]
[WhiteTeam "Ciberjaque Universidad"]
[BlackTeam "Rey Ahogado"]
[WhiteTeamCountry "ESP"]
[BlackTeamCountry "ESP"]

1. e4 c5 2. c3 Nf6 3. e5 Nd5 4. d4 cxd4 5. cxd4 d6 6. exd6 Qxd6 7. Nc3 Nxc3 8. bxc3 g6 9. Nf3 Bg7 10. Be2 0-0 11. 0-0 Nc6 12. Qa4 Bd7 13. Qa3 Qc7 14. Be3 e6 15. Rfc1 Rfc8 16. Rab1 b6 17. Ba6 Rd8 18. Bg5 Re8 19. Bh4 Bf8 20. Qb2 Bd6 21. Bg3 Bxg3 22. hxg3 Rad8 23. Qd2 Bc8 24. Bd3 Kg7 25. Qe3 Bb7 26. Be4 Na5 27. Bxb7 Nxb7 28. Ne5 Nd6 29. Qf4 Nc4 30. Nxg6 Qxf4 31. Nxf4 Nd2 32. a4 1/2-1/2

[Event "Tenerife-chT Preferente 1718"]
[Site "Tenerife"]
[Date "2017.11.11"]
[Round "1.1"]
[White "Mendoza Contreras, Lucas Eduardo"]
[Black "Castaner Harster, Xavier"]
[Result "1/2-1/2"]
[WhiteElo "2133"]
[BlackElo "2107"]
[PlyCount "34"]
[EventDate "2017.11.11"]
[EventType "team-tourn"]
[EventRounds "14"]
[EventCountry "ESP"]
[SourceTitle "EXT 2019"]
[Source "ChessBase"]
[SourceDate "2018.10.10"]
[SourceVersion "1"]
[SourceVersionDate "2018.10.10"]
[SourceQuality "1"]
[WhiteTeam "Canarias 64"]
[BlackTeam "Rey Ahogado"]
[WhiteTeamCountry "ESP"]
[BlackTeamCountry "ESP"]

1. d4 Nf6 2. c4 e6 3. Nf3 b6 4. a3 Be7 5. Nc3 d5 6. g3 0-0 7. cxd5 exd5 8. Bg2 Bb7 9. 0-0 Nbd7 10. Ne5 c6 11. e4 Nxe5 12. dxe5 Nxe4 13. Nxe4 dxe4 14. Bxe4 Ba6 15. Re1 Qxd1 16. Rxd1 Rad8 17. Be3 c5 1/2-1/2

[Event "Canarias-chT"]
[Site "San Cristobal de La Laguna"]
[Date "2017.06.23"]
[Round "2.1"]
[White "Castaner Harster, Xavier"]
[Black "Mendoza Contreras, Lucas Eduardo"]
[Result "1-0"]
[WhiteElo "2174"]
[BlackElo "2201"]
[PlyCount "67"]
[EventDate "2017.06.22"]
[EventType "team-swiss"]
[EventRounds "6"]
[EventCountry "ESP"]
[SourceTitle "EXT 2024"]
[Source "ChessBase"]
[SourceDate "2023.10.10"]
[SourceVersion "1"]
[SourceVersionDate "2023.10.10"]
[SourceQuality "1"]
[WhiteTeam "Rey Ahogado"]
[BlackTeam "Canarias 64"]
[WhiteTeamCountry "ESP"]
[BlackTeamCountry "ESP"]

1. e4 e6 2. d4 d5 3. Nc3 dxe4 4. Nxe4 Nd7 5. Nf3 Ngf6 6. Bg5 Be7 7. Nxf6+ Bxf6 8. h4 Qe7 9. Qd2 c5 10. 0-0-0 0-0 11. Bd3 cxd4 12. Nxd4 Nc5 13. Kb1 Nxd3 14. Qxd3 h6 15. g4 Bxg5 16. hxg5 Qxg5 17. Nf3 Qg6 18. Qe3 f6 19. Nh4 Qf7 20. f4 Bd7 21. g5 fxg5 22. fxg5 Bc6 23. Rhg1 h5 24. Qd3 Qf2 25. Ng6 Rf3 26. Qd6 Kh7 27. Ne5 Rff8 28. Qxe6 Be4 29. g6+ Kh8 30. Nf7+ Rxf7 31. gxf7 Bxc2+ 32. Ka1 Bxd1 33. Qe8+ Kh7 34. Rxd1 1-0